000 01649cab a2200277 4500
001 ABS43930
008 090401t1991 xxu||||| |||| 00| 0 eng d
035 _a(Sirsi) u44333
041 _aeng
245 _aFocus : annual review
260 _c1991
350 _a0
490 _aEstates Gazette
_v(9102) 19 January 1991, 65-109(34)
520 _aAn overview of activity in the various sectors of the property market during 1990 . Highlights in date order the main property events of the year; reviews legislation and case law , listing all the decisions reported in the EGLR and events in Parliament. Reports on how the property companies coped with the deepening recession and examines trends in the office and retail markets , with particular reference to offices in London , retail warehousing and business parks . The problems facing the leisure industry are discussed and the increasing demand for faster development programmes and quicker starts to projects is examined. Reviews the impact of the UBR and the severe downturn in the market, comparing it with the crash of 1973-74 and analyses the trends in institutional investment . Argues that the problems currently facing some sectors of the industry could be partly due to the lack of market research and concludes with a review of the housing and agricultural market s.
650 _aBANKS
650 _aBUILDING PROJECTS
650 _aBUSINESS RATES
650 _aFARMLAND
650 _aFINANCIAL INSTITUTIONS
650 _aFUNDING
650 _aNON DOMESTIC RATING
650 _aSLUMP
690 _aPROPERTY-COMMERCIAL PROPERTY
942 _n0
948 _c04/03/1997
999 _c28238
_d28238